header

Behavior management : (Record no. 265843)

MARC details
000 -LEADER
fixed length control field 01418cam a2200385 a 4500
001 - CONTROL NUMBER
control field 13040377
003 - CONTROL NUMBER IDENTIFIER
control field OSt
005 - DATE AND TIME OF LATEST TRANSACTION
control field 20260209125815.0
008 - FIXED-LENGTH DATA ELEMENTS--GENERAL INFORMATION
fixed length control field 021223s2004 caua b 001 0 eng
010 ## - LIBRARY OF CONGRESS CONTROL NUMBER
LC control number 2002117700
020 ## - INTERNATIONAL STANDARD BOOK NUMBER
International Standard Book Number 053460885X
Qualifying information student ed. with InfoTrac College Edition
International Standard Book Number 0534608876
Qualifying information student ed. without InfoTrac College Edition
International Standard Book Number 9780534608873
Qualifying information (student ed. without InfoTrac College Edition)
035 ## - SYSTEM CONTROL NUMBER
System control number 13040377
System control number (DLC) 2002117700
040 ## - CATALOGING SOURCE
Original cataloging agency DLC
Transcribing agency DLC
043 ## - GEOGRAPHIC AREA CODE
Geographic area code n-us---
050 00 - LIBRARY OF CONGRESS CALL NUMBER
Classification number LB1060.2
Item number .M22 2004
100 1# - MAIN ENTRY--PERSONAL NAME
Personal name Maag, John W.,
Dates associated with a name 1956-
245 10 - TITLE STATEMENT
Title Behavior management :
Remainder of title from theoretical implications to practical applications /
Statement of responsibility, etc John W. Maag.
250 ## - EDITION STATEMENT
Edition statement 2nd ed.
260 ## - PUBLICATION, DISTRIBUTION, ETC. (IMPRINT)
Place of publication, distribution, etc Belmont, CA :
Name of publisher, distributor, etc Wadsworth/Thomson Learning,
Date of publication, distribution, etc c2004.
300 ## - PHYSICAL DESCRIPTION
Extent xix, 437 p. :
Other physical details ill. ;
Dimensions 24 cm.
336 ## - CONTENT TYPE
Content type term text
Content type code txt
Source rdacontent
337 ## - MEDIA TYPE
Media type term unmediated
Media type code n
Source rdamedia
338 ## - CARRIER TYPE
Carrier type term volume
Carrier type code nc
Source rdacarrier
504 ## - BIBLIOGRAPHY, ETC. NOTE
Bibliography, etc Includes bibliographical references and index.
650 #0 - SUBJECT ADDED ENTRY--TOPICAL TERM
Topical term or geographic name as entry element Behavior modification.
Topical term or geographic name as entry element Problem children
General subdivision Education
Geographic subdivision United States.
Topical term or geographic name as entry element Classroom management
Geographic subdivision United States.
906 ## - LOCAL DATA ELEMENT F, LDF (RLIN)
a 7
b cbc
c orignew
d 3
e epcn
f 20
g y-gencatlg
942 ## - ADDED ENTRY ELEMENTS (KOHA)
Source of classification or shelving scheme Library of Congress Classification
Koha item type Long Loan Books
Holdings
Withdrawn status Lost status Source of classification or shelving scheme Damaged status Not for loan Collection code Home library Current library Shelving location Date acquired Source of acquisition Total Checkouts Full call number Barcode Date last seen Price effective from Koha item type
    Library of Congress Classification     Non-fiction Rongo University Library Rongo University Library General Stacks 09/02/2026 Books for Africa, Donation   LB1060.2 .M22 2004 20261382 09/02/2026 09/02/2026 Long Loan Books

© 2026 Rongo University
Contact us: librarian | system librarian | Rongo university